Logo BPK

Bibliografia Prac Pracowników

Politechniki Koszalińskiej

Physics simulations for the technical university / (Rekord nr 59)

Szczegóły MARC
000 -ETYKIETA REKORDU
podpole kontrolne o stałej długości 01474naa a2200289 i 4500
001 - NUMER KONTROLNY REKORDU
podpole kontrolne BPP
003 - IDENTYFIKATOR NUMERU KONTROLNEGO REKORDU
podpole kontrolne BPK
005 - DATA OSTATNIEJ MODYFIKACJI REKORDU
podpole kontrolne 20191005121919.0
008 - POLE O STAŁEJ DŁUGOŚCI - DANE KONTROLNE
podpole kontrolne o stałej długości 140703s2001 pl f |100 0 eng
040 ## - ŹRÓDŁO KATALOGOWANIA
Instytucja, która utworzyła rekord BPK
041 ## - KOD JĘZYKA
Kod języka tekstu eng
044 ## - KOD KRAJU WYDAWCY/PRODUCENTA
Kod kraju wydawcy/producenta POL
100 ## - NAZWA OSOBOWA
Nazwa osobowa Patryn, Aleksy
Określenie rodzaju współpracy Autor
Lata pracy 1996 - .
Instytucja Politechnika Koszalińska - Wydział Elektroniki i Informatyki,
Wydział Katedra Podstaw Elektroniki
245 ## - TYTUŁ/ODPOWIEDZIALNOŚĆ
Tytuł Physics simulations for the technical university /
Pozostałe elementy strefy tytułu i oznaczenia odpowiedzialności Aleksy Patrin, Walery Suslow, Wioleta Ciepluch-Trojanek.
260 ## - STREFA ADRESU WYDAWNICZEGO
Data publikacji, dystrybucji/powstania dokumentu 2001.
500 ## - UWAGI OGÓLNE
Tekst uwagi Dane z Informatora o publikowanych wynikach prac naukowo-badawczych w 2001 roku Wydziału Elektroniki.
520 ## - UWAGA DOTYCZĄCA TREŚCI DOKUMENTU
Analiza dokumentacyjna, adnotacja itp. A problem and practical realisation of the simulation laboratory works within base disciplines at the technical university is discussing.
650 ## - HASŁO PRZEDMIOTOWE W FORMIE NAZWY OGÓLNEJ LUB JEDNOSTKOWEJ
Nazwa ogólna lub geograficzna Education.
650 ## - HASŁO PRZEDMIOTOWE W FORMIE NAZWY OGÓLNEJ LUB JEDNOSTKOWEJ
Nazwa ogólna lub geograficzna Physics.
650 ## - HASŁO PRZEDMIOTOWE W FORMIE NAZWY OGÓLNEJ LUB JEDNOSTKOWEJ
Nazwa ogólna lub geograficzna Simulation.
655 #0 - TERMIN INDEKSOWY - OKREŚLENIE RODZAJU/FORMY DOKUMENTU
Określnie rodzaju/formy dokumentu Materiały konferencyjne.
700 ## - HASŁO DODATKOWE - NAZWA OSOBOWA
Nazwa osobowa CIEPLUCH-TROJANEK, Wioleta.
Lata pracy 1999 - .
Instytucja Politechnika Koszalińska - Wydział Elektroniki,
Wydział Katedra Podstaw Elektroniki
700 ## - HASŁO DODATKOWE - NAZWA OSOBOWA
Nazwa osobowa SUSŁOW, Walery.
Lata pracy 2000 - .
Instytucja Politechnika Koszalińska - Wydział Elektroniki,
Wydział Katedra Podstaw Elektroniki
711 ## - HASŁO DODATKOWE - NAZWA IMPREZY
Nazwa imprezy International Conference IMAPS-Poland 2001
Oznaczenie części/sekcji dzieła (25 ;
Data imprezy 2001 ;
Miejsce imprezy Rzeszów / Polańczyk, Polska).
Nazwa części/sekcji dzieła IMAPS - POLAND 2001
773 ## - TYTUŁ DOKUMENTU MACIERZYSTEGO
Wyrażenie wprowadzające W :
Tytuł Proc. of the 25th International Conference and Exhibition IMAPS-POLAND. -
Informacje dotyczące relacji 2001, s. 295-298
942 ## - HASŁO DODATKOWE - ELEMENTY(KOHA)
Typ dokumentu Artykuł
Schemat klasyfikacji Uniwersalna klasyfikacja dziesiętna

Brak dostępnych egzemplarzy.

© 2014 Biblioteka Politechniki Koszalińskiej :: BIBLIOGRAFIA PRAC PRACOWNIKÓW